[Event "Eschborn op"]
[Site "Eschborn"]
[Date "2018.10.06"]
[Round "2"]
[White "Lange, Martin2222"]
[Black "Mitsiioannou, Antonios"]
[Result "1-0"]
[WhiteElo "1650"]
[BlackElo "1451"]
[PlyCount "47"]
[EventDate "2018.10.05"]
[EventType "swiss"]
[EventRounds "5"]
[EventCountry "GER"]
[SourceTitle "CBM 187 Extra"]
[Source "ChessBase"]
[SourceDate "2018.11.04"]
[SourceVersion "1"]
[SourceVersionDate "2018.11.04"]
[SourceQuality "1"]

1. e4 c5 2. Nf3 Nc6 3. d4 cxd4 4. Nxd4 Nf6 5. Nc3 d6 6. Be3 Ng4 7. Qd2 a6 8. 0-0-0 Bd7 9. Bg5 Nxd4 10. h3 Nb3+ 11. cxb3 Ne5 12. f4 Nc6 13. Nd5 f6 14. Bh4 e6 15. Ne3 Qb6 16. Nc4 Qc7 17. Nxd6+ Ke7 18. Kb1 Rd8 19. e5 Be8 20. Qc3 Bg6+ 21. Bd3 Rxd6 22. exd6+ Qxd6 23. Bxg6 Qxf4 24. Qc5+ 1-0

[Event "Eschborn op"]
[Site "Eschborn"]
[Date "2018.10.05"]
[Round "1"]
[White "Mitsiioannou, Antonios"]
[Black "Speck, Stefan"]
[Result "0-1"]
[WhiteElo "1451"]
[BlackElo "1969"]
[PlyCount "94"]
[EventDate "2018.10.05"]
[EventType "swiss"]
[EventRounds "5"]
[EventCountry "GER"]
[SourceTitle "CBM 187 Extra"]
[Source "ChessBase"]
[SourceDate "2018.11.04"]
[SourceVersion "1"]
[SourceVersionDate "2018.11.04"]
[SourceQuality "1"]

1. e4 c5 2. f4 a6 3. Bc4 e6 4. d3 d5 5. Bb3 dxe4 6. dxe4 Qxd1+ 7. Kxd1 b5 8. c4 Bb7 9. Nd2 Nf6 10. Bc2 Nc6 11. Ngf3 Rd8 12. Ke2 Nb4 13. Bb1 bxc4 14. e5 Bxf3+ 15. Kxf3 Nfd5 16. a3 Nc6 17. Nxc4 Nd4+ 18. Kf2 Be7 19. Rd1 Nb3 20. Ra2 Nxc1 21. Rxc1 Nxf4 22. Be4 Nd3+ 23. Bxd3 Rxd3 24. Ke2 Rd5 25. Rd1 0-0 26. b3 Rfd8 27. Rad2 Kf8 28. Ne3 Rxd2+ 29. Rxd2 Rxd2+ 30. Kxd2 Bg5 31. Kd3 Bxe3 32. Kxe3 Ke7 33. Kd3 Kd7 34. b4 Kc6 35. Kc4 cxb4 36. axb4 f6 37. exf6 gxf6 38. g4 e5 39. h4 Kd6 40. h5 h6 41. Kb3 Kd5 42. Ka4 e4 43. Ka5 e3 44. Kxa6 e2 45. b5 e1Q 46. b6 Qb4 47. Ka7 Kc6 0-1

[Event "Hessen-chC"]
[Site "Frankfurt"]
[Date "2018.05.12"]
[Round "5"]
[White "Shehab, Tarek"]
[Black "Mitsiioannou, Antonios"]
[Result "1/2-1/2"]
[WhiteElo "1218"]
[BlackElo "1430"]
[PlyCount "116"]
[EventDate "2018.05.10"]
[EventType "swiss"]
[EventRounds "7"]
[EventCountry "GER"]
[SourceTitle "EXT 2019"]
[Source "ChessBase"]
[SourceDate "2018.10.10"]
[SourceVersion "1"]
[SourceVersionDate "2018.10.10"]
[SourceQuality "1"]

1. e4 c5 2. d4 cxd4 3. c3 d6 4. cxd4 Nf6 5. Nc3 Bg4 6. Nf3 e6 7. Bb5+ Nbd7 8. 0-0 a6 9. Be2 Be7 10. Bf4 Nb6 11. Qb3 0-0 12. h3 Bh5 13. e5 Nfd5 14. Bg3 Qc7 15. Nxd5 Nxd5 16. Rac1 Qd7 17. Bc4 Bxf3 18. Qxf3 dxe5 19. dxe5 Bg5 20. Rcd1 Rfd8 21. Rd4 Rac8 22. Rfd1 Qc6 23. Bxd5 exd5 24. Rxd5 Rxd5 25. Qxd5 Qxd5 26. Rxd5 Rc2 27. Bf4 h6 28. Bxg5 hxg5 29. Rd8+ Kh7 30. Rd7 Rxb2 31. Rxf7 Kg6 32. Rd7 Rb6 33. g3 a5 34. Rd5 a4 35. Kg2 Kf5 36. Kf3 Rb4 37. g4+ Ke6 38. Ra5 b6 39. Ra7 Kxe5 40. Rxg7 Kf6 41. Ra7 Rc4 42. Kg2 b5 43. Ra6+ Ke5 44. Rg6 Kd4 45. Rxg5 b4 46. Rb5 Kc3 47. f3 b3 48. axb3 axb3 49. Rxb3+ Kxb3 50. h4 Kc3 51. h5 Kd4 52. Kg3 Ke5 53. h6 Rc6 54. g5 Rc7 55. Kg4 Rc4+ 56. Kh5 Kf5 57. h7 Rc1 58. Kh6 Rc6+ 1/2-1/2

[Event "Hessen-chC"]
[Site "Frankfurt"]
[Date "2018.05.10"]
[Round "1"]
[White "Kleingarn, Frederik"]
[Black "Mitsiioannou, Antonios"]
[Result "0-1"]
[WhiteElo "1010"]
[BlackElo "1430"]
[PlyCount "84"]
[EventDate "2018.05.10"]
[EventType "swiss"]
[EventRounds "7"]
[EventCountry "GER"]
[SourceTitle "EXT 2019"]
[Source "ChessBase"]
[SourceDate "2018.10.10"]
[SourceVersion "1"]
[SourceVersionDate "2018.10.10"]
[SourceQuality "1"]

1. e4 c5 2. Nc3 Nc6 3. d3 d6 4. Nf3 Bd7 5. Be2 Nf6 6. 0-0 h6 7. Be3 e6 8. a3 Be7 9. b4 cxb4 10. axb4 a6 11. d4 0-0 12. Rb1 Qc7 13. Qd2 Rfd8 14. d5 Ne5 15. Nxe5 dxe5 16. Rfd1 Rac8 17. Rb3 Bd6 18. Qd3 exd5 19. Rc1 dxe4 20. Nxe4 Nxe4 21. Qxe4 Bc6 22. Qg4 Kh8 23. c4 Qe7 24. c5 Bb8 25. Bd3 e4 26. Bb1 Qe5 27. g3 f5 28. Qh4 Qe6 29. Rbc3 Rd7 30. Bf4 Bxf4 31. Qxf4 Rcd8 32. Bc2 Qf6 33. Re3 g5 34. Qd6 Rxd6 35. cxd6 Rxd6 36. Ree1 Qe5 37. Ra1 Qc3 38. Rac1 Qxb4 39. Ra1 Qc5 40. Rac1 Rd2 41. Bxe4 Qxf2+ 42. Kh1 Qxh2# 0-1

[Event "Hessen-chC"]
[Site "Frankfurt"]
[Date "2018.05.10"]
[Round "2"]
[White "Mitsiioannou, Antonios"]
[Black "Bernath, Markus"]
[Result "1-0"]
[WhiteElo "1430"]
[BlackElo "1224"]
[PlyCount "41"]
[EventDate "2018.05.10"]
[EventType "swiss"]
[EventRounds "7"]
[EventCountry "GER"]
[SourceTitle "EXT 2019"]
[Source "ChessBase"]
[SourceDate "2018.10.10"]
[SourceVersion "1"]
[SourceVersionDate "2018.10.10"]
[SourceQuality "1"]

1. e4 e5 2. Nf3 Nc6 3. Bb5 a6 4. Ba4 Nf6 5. 0-0 Be7 6. Re1 0-0 7. d4 Nxd4 8. Nxd4 exd4 9. Qxd4 c5 10. Qd3 Qa5 11. Nc3 b5 12. e5 c4 13. Qf3 Rb8 14. exf6 Bxf6 15. Bd2 bxa4 16. Ne4 Qb6 17. Nxf6+ Qxf6 18. Qxf6 gxf6 19. Bc3 f5 20. Re3 Bb7 21. Rg3# 1-0